| 000 | 00630nam a22002057a 4500 | ||
|---|---|---|---|
| 005 | 20150330062825.0 | ||
| 008 | 120125s2012 njua sb 000 0 eng d | ||
| 020 | _z9781118277553 | ||
| 041 | 0 | _aeng | |
| 080 | _a338.4 | ||
| 100 | 1 | _aTimmerman, Kelsey, | |
| 245 | 1 | 0 |
_aWhere am I wearing? _cKelsey Timmerman. |
| 250 | _aRev. and updated. | ||
| 260 |
_aHoboken, N.J. : _bWiley, _c2012. |
||
| 300 |
_a287 f. : _bme il.; _c23 cm |
||
| 650 | 0 | _aPunëtorët | |
| 650 | 0 | _aVeshja | |
| 655 | 7 | _aElectronic books. | |
| 942 |
_2udc _cBK |
||
| 999 |
_c602 _d602 |
||